000 00211 a2200097 4500
001 14337
100 _aHans, N
245 _aComparative education
260 _aLondon
_bRoutledge Kegan
_c
090 _c11239
_d11239
942 _aNUST-CAE
_cM
_c1380
999 _c249410
_d249410